<?xml version="1.0" encoding="UTF-8"?>
<marc:record xmlns:marc="http://www.loc.gov/MARC21/slim">
   <marc:leader>00000nam a2200000 a 4500</marc:leader>
   <marc:datafield ind1="1" ind2=" " tag="100">
      <marc:subfield code="a">Raab, Thomas</marc:subfield>
      <marc:subfield code="4">aut</marc:subfield>
      <marc:subfield code="e">Verfasser/-in</marc:subfield>
   </marc:datafield>
   <marc:datafield ind1=" " ind2=" " tag="653">
      <marc:subfield code="a">Krimi</marc:subfield>
   </marc:datafield>
   <marc:datafield ind1="0" ind2="0" tag="245">
      <marc:subfield code="a">Walter muss weg</marc:subfield>
   </marc:datafield>
   <marc:datafield ind1="0" ind2="0" tag="245">
      <marc:subfield code="b">Frau Huber ermittelt ; der erste Fall ; Roman</marc:subfield>
   </marc:datafield>
   <marc:datafield ind1="0" ind2="0" tag="245">
      <marc:subfield code="c">Thomas Raab</marc:subfield>
   </marc:datafield>
   <marc:datafield ind1=" " ind2="1" tag="264">
      <marc:subfield code="a">Köln</marc:subfield>
      <marc:subfield code="b">Kiepenheuer &amp; Witsch</marc:subfield>
      <marc:subfield code="c">2018</marc:subfield>
   </marc:datafield>
   <marc:datafield ind1="1" ind2=" " tag="520">
      <marc:subfield code="a">Quelle: bn.bibliotheksnachrichten (http://www.biblio.at/literatur/bn/index.html); #Autor: Michael Wildauer; #Alter schützt vor Neugier nicht. (DR)#Hannelore Huber hat es wirklich nicht leicht gehabt in ihrem Leben. Zwangsverheiratet mit Walter, neben dem sie jahrzehntelang in dem kleinen Dorf Glaubenthal leben musste, hört sie nun endlich, nach dreiundfünfzig langen Ehejahren, die langersehnte Nachricht: Walter ist tot. Nur noch das Begräbnis, dann kann ein neuer Lebensabschnitt beginnen. Doch am Friedhof stellt sich heraus: Da liegt jemand anderer im Sarg!#Thomas Raab ist durch seine "Metzger"-Kriminalromane bekannt geworden, auch durch die Verfilmungen mit Robert Palfrader in der Titelrolle. Mit "Still" versuchte er es ein wenig ernsthafter, jetzt ist er mit dem Start der neuen Reihe um Frau Huber wieder zu Unterhaltsamerem zurückgekehrt: Neben einem (zum Teil sehr schwarzen) Humor blitzt immer wieder Menschlichkeit und ein wenig Sozialkritik durch. Vor allem die Dialoge der vierjährigen Amelie mit wechselnden Gesprächspartnern aus allen Lebensaltern sind wunderbar. Und so stimmt diesmal der Klappentext: Die Ereignisse um die Ermittlungen der alten Frau sind "spielerisch, humorvoll und herrlich böse!"</marc:subfield>
   </marc:datafield>
   <marc:datafield ind1=" " ind2=" " tag="020">
      <marc:subfield code="a">9783462050950</marc:subfield>
      <marc:subfield code="9">9783462050950</marc:subfield>
   </marc:datafield>
   <marc:datafield ind1=" " ind2=" " tag="041">
      <marc:subfield code="a">ger</marc:subfield>
   </marc:datafield>
   <marc:datafield ind1=" " ind2=" " tag="300">
      <marc:subfield code="a">373 S.</marc:subfield>
   </marc:datafield>
</marc:record>
